000 01244nam0a22003371 4500
001 v19\rc\1692453
005 20250619053506.0
035 _a(NLR Aleph) 004841995
090 _a4831951
_c4831951
100 _a20061002d1897 |||y0rusy50 ca
101 1 _arus
_cger
102 _aRU
105 _ay z |||||
200 1 _aИзучение природы дома
_eРазговоры в сумерки
_eКн. для юношества, сост. К. Крэпелин
_eПер. с нем.
210 _aМосква
_cК.И. Тихомиров
_d1897
215 _a[2], II, 186, [1] с.
_d20
300 _aЗагл. ориг.: "Naturstudien im hause"
300 _aПер. также под загл.: "Природа в комнате"
451 0 _12001#$aПрирода в комнате
_tПрирода в комнате
454 0 _12001#$aNaturstudien im hause
_tNaturstudien im hause
700 1 _aКрепелин
_bК.
_gКарл
_4220
790 1 _aКрэпелин
_bК.
801 0 _aRU
_bNLR
_gpsbo
801 0 _aRU
_bRuMoRGB
_2psbo
801 1 _aRU
_bProSoft-M
_2rusmarc
852 _aNLR
_j18.78.7.14
899 _aRuMoRGB
_jP 5/62
899 _aRuMoRGB
_jРб 3/87
899 _aRuMoRGB
_jРб 3/1950
942 _cBOOK
980 _aNB